000 01204nam a2200265Ia 4500
003 Ost
005 20260416102353.0
008 260416s9999||||xx |||||||||||||| ||und||
040 _cfsecg
041 _aara
082 _a657.42
100 _aمازون، محمد أمين
_eمؤلف
245 0 _aمحاسبة التسيير :
_bمحاضرات وتمارين محلولة /
_c محمد أمين مازون
260 _aالجزائر
_bجامعة الجزائر3: كلية العلوم الإقتصادية، العلوم التجارية وعلوم التسيير
_c2018
300 _a91 ورقة
_bايضاحات
_c30 سم
504 _aمراجع ص.89
520 _aمدخل مفاهيمي لمحاسبة التسيير، التكاليف وعلاقتها بحجم النشاط، التكاليف المعيارية
653 _aالتسيير
653 _aالتكاليف
653 _aالتكاليف المعيارية
653 _aالمحاسبة
653 _aمحاسبة التكاليف
710 _aجامعة الجزائر3: كلية العلوم الإقتصادية، العلوم التجارية وعلوم التسيير
_eناشر علمي
942 _cHANDOUT
999 _c41097
_d41097